Eastern Utah Libraries Catalog: Duchesne, Heber, Roosevelt, & Vernal

Clifford's Thanksgiving visit / (Record no. 390811)

MARC details
000 -LEADER
fixed length control field 01247cam a2200337 a 4500
001 - CONTROL NUMBER
control field 1397026248
003 - CONTROL NUMBER IDENTIFIER
control field OCoLC
005 - DATE AND TIME OF LATEST TRANSACTION
control field 20231204133917.0
008 - FIXED-LENGTH DATA ELEMENTS--GENERAL INFORMATION
fixed length control field 230913t20231993nyua j 000 1 eng d
020 ## - INTERNATIONAL STANDARD BOOK NUMBER
International Standard Book Number 9781339011158
Qualifying information (pbk.)
020 ## - INTERNATIONAL STANDARD BOOK NUMBER
International Standard Book Number 1339011158
Qualifying information (pbk.)
035 ## - SYSTEM CONTROL NUMBER
System control number (OCoLC)1397026248
040 ## - CATALOGING SOURCE
Original cataloging agency WRS
Language of cataloging eng
Transcribing agency WRS
Modifying agency OCLCO
-- OQX
-- SO$
Description conventions rda
050 00 - LIBRARY OF CONGRESS CALL NUMBER
Classification number PZ7.B7633
Item number Cnt 1993
082 ## - DEWEY DECIMAL CLASSIFICATION NUMBER
Classification number [E]
092 ## - LOCALLY ASSIGNED DEWEY CALL NUMBER (OCLC)
Filing suffix children holiday
Classification number Bridwell
100 1# - MAIN ENTRY--PERSONAL NAME
Personal name Bridwell, Norman.
Relator term author.
245 10 - TITLE STATEMENT
Title Clifford's Thanksgiving visit /
Statement of responsibility, etc Norman Bridwell.
264 #2 - Production, Publication, Distribution, Manufacture, and Copyright Notice.
Place of production, publication, distribution, manufacture New York :
Name of producer, publisher, distributor, manufacturer Scholastic Inc.,
Date of production, publication, distribution, manufacture, or copyr 2023, 1993.
264 #4 - Production, Publication, Distribution, Manufacture, and Copyright Notice.
Date of production, publication, distribution, manufacture, or copyr ©1993.
300 ## - PHYSICAL DESCRIPTION
Extent 1 volume (unpaged) :
Other physical details color illustrations ;
Dimensions 21 cm.
336 ## - Content Type
Content type term text
337 ## - Media type
Media type term unmediated
338 ## - Carrier type
Carrier type term volume
490 1# - SERIES STATEMENT
Series statement Clifford the big red dog.
520 ## - SUMMARY, ETC.
Summary, etc Clifford's Thanksgiving Visit brings readers along as Clifford travels to the city to spend the holiday with his mom. Can Clifford find her apartment in time for Thanksgiving dinner? --
650 #0 - SUBJECT ADDED ENTRY--TOPICAL TERM
Topical term or geographic name as entry element Dogs
Form subdivision Juvenile fiction.
9 (RLIN) 5674840
650 #0 - SUBJECT ADDED ENTRY--TOPICAL TERM
Topical term or geographic name as entry element Thanksgiving Day
Form subdivision Juvenile fiction.
9 (RLIN) 5690468
830 #0 - SERIES ADDED ENTRY--UNIFORM TITLE
Uniform title Clifford the big red dog.
9 (RLIN) 49494
942 ## - ADDED ENTRY ELEMENTS (KOHA)
Source of classification or shelving scheme Dewey Decimal Classification
Koha item type BOOK
Holdings
Withdrawn status Lost status Source of classification or shelving scheme Damaged status Not for loan Collection code Home library Current library Shelving location Date acquired Source of acquisition Total Checkouts Total Renewals Full call number Barcode Date last seen Date checked out Cost, replacement price Price effective from Koha item type
    Dewey Decimal Classification     Children Holiday Books Wasatch County Library Wasatch County Library Main Floor Childrens Area 12/04/2023 Penworthy 3 4 E Thanksgiving Bridwell 34301002058131 12/01/2025 10/08/2025 18.96 12/04/2023 BOOK
This project was made possible through a grant from the Institute of Museum and Library Service administered by the Utah State Library Division.

Wasatch County Library

  • 465 East 1200 South, Heber City, Utah 84032
  • Phone 435-654-1511 | Fax 435-654-6456

Hours

  • Monday - Friday 9:30 AM - 8:00 PM
  • Saturday 9:30 AM - 1:30 PM
  • Closed Sundays and Holidays